Community Institutions & Natural Resource Governance in the Uttarakhand Himalaya/ (Record no. 180440)

MARC details
000 -LEADER
fixed length control field 00693nam a22001937a 4500
005 - DATE AND TIME OF LATEST TRANSACTION
control field 20220218145528.0
010 ## - LCCN (DPL NO)
LC control number ENG-129701
020 ## - INTERNATIONAL STANDARD BOOK NUMBER
Terms of availability 795.00
International Standard Book Number 9788194971221
035 ## - SYSTEM CONTROL NUMBER
System control number EN-113233
037 ## - SOURCE OF ACQUISITION
Source of stock number/acquisition DBAD/PUB
082 ## - DEWEY DECIMAL CLASSIFICATION NUMBER
Classification number 333.7095451
100 ## - MAIN ENTRY--PERSONAL NAME
Personal name Mishra, Anil Kumar
245 ## - TITLE STATEMENT
Title Community Institutions & Natural Resource Governance in the Uttarakhand Himalaya/
Statement of responsibility, etc Anil Kumar Mishra
250 ## - EDITION STATEMENT
Edition statement 2021
260 ## - PUBLICATION, DISTRIBUTION, ETC. (IMPRINT)
Place of publication, distribution, etc New Delhi
Name of publisher, distributor, etc D.P.S Publishing House
Date of publication, distribution, etc 2020
270 ## - ADDRESS
Address 4598/12B,Gola Cottage, Ansari Road, Darya Ganj
City New Delhi
Postal code 110002
Telephone number 011-43586184
Electronic mail address dpspublishinghouse@gmail.com
300 ## - PHYSICAL DESCRIPTION
Extent 168 p.
Dimensions 24cm(pbk)
Other physical details Refernces
942 ## - ADDED ENTRY ELEMENTS (KOHA)
Source of classification or shelving scheme Dewey Decimal Classification
Item type English Books
Classification part 333.7095451
Call number prefix MIS
Holdings
Withdrawn status Lost status Not for loan Collection code Home library Current library Date acquired Source of acquisition Cost, normal purchase price Full call number Barcode Copy number Cost, replacement price Koha item type
      Non-fiction Ashok Vihar Ashok Vihar 09/08/2021 DBAD/PUB 795.00 333.7095451 MIS EN-113233 1 795.00 English Books

© Delhi Public Library
Hit Counter
free hit counter